| 000 | 00813nam a2200193 i 4500 | ||
|---|---|---|---|
| 001 | 25755 | ||
| 003 | ES-MaACL | ||
| 005 | 20250805063229.0 | ||
| 007 | t| | ||
| 008 | 030102s1844 fr ||||1| fre d | ||
| 100 | 0 |
_aAristóteles _922861 |
|
| 245 | 1 | 0 |
_aLogique / _cd'Aristóteles ; traduite en français pour la première fois et accompagne de notes perpetuelles par J. Barthelemy Saint Hilaire. |
| 260 |
_aParís : _b[s.n., _c1844] ( _fH. Fournier et Cie) |
||
| 300 |
_a4 v. ; _c23 cm. |
||
| 505 | 8 | _aContiene: I. Introduction aux catégories par Porphyre . Catégories . Hermeneia - II. Premiers analytiques - III. Derniers analytiques - IV. Topiques . Réfutations des sophistes. | |
| 700 | 1 |
_aBarthelemy Saint-Hilaire, Jules. _926123 |
|
| 852 |
_aES-MaACL _jF-7886-89 |
||
| 999 |
_c25755 _d25755 |
||